| 000 | 00345nam a22001457a 4500 | ||
|---|---|---|---|
| 008 | 221011b ||||| |||| 00| 0 eng d | ||
| 020 | _a9781437713626 | ||
| 041 | _aeng | ||
| 080 |
_2THIRD EDITION _a616.31 |
||
| 082 | _a616.31 | ||
| 100 | _a12 | ||
| 101 | _aSTOM | ||
| 245 |
_aTHE ADMINISTRATIVE DENTAL ASSISTANT _cGAYLOR L |
||
| 942 |
_2udc _cBK |
||
| 999 |
_c58494 _d58494 |
||